[Event "Blitz 2018"]
[Site "Saint-Petersburg"]
[Date "2018.12.29"]
[Round "6"]
[Board "70"]
[White "Al-Sayed Mohammed (QAT)"]
[Black "Lobanov Sergei (RUS)"]
[Result "1-0"]
[LiveChessVersion "1.4.8"]
[BlackElo "2434"]
[WhiteElo "2547"]

1. d4 {[%clk 0:03:03]} Nf6 {[%clk 0:03:03]} 2. c3 {[%clk 0:03:04]} d5
{[%clk 0:03:03]} 3. Bg5 {[%clk 0:03:04]} Ne4 {[%clk 0:02:50]} 4. Bf4
{[%clk 0:03:05]} c5 {[%clk 0:02:51]} 5. e3 {[%clk 0:03:06]} Nc6 {[%clk 0:02:51]}
6. Bd3 {[%clk 0:03:03]} g5 {[%clk 0:01:41]} 7. Bg3 {[%clk 0:02:56]} h5
{[%clk 0:01:41]} 8. Bxe4 {[%clk 0:02:55]} dxe4 {[%clk 0:01:41]} 9. h4
{[%clk 0:02:53]} g4 {[%clk 0:01:24]} 10. d5 {[%clk 0:02:27]} Na5 {[%clk 0:00:57]}
11. Qa4+ {[%clk 0:02:27]} Bd7 {[%clk 0:00:53]} 12. Qxe4 {[%clk 0:02:27]} Qb6
{[%clk 0:00:44]} 13. b3 {[%clk 0:02:05]} Bg7 {[%clk 0:00:41]} 14. Ne2
{[%clk 0:02:06]} Qf6 {[%clk 0:00:21]} 15. O-O {[%clk 0:01:53]} b5
{[%clk 0:00:15]} 16. Nd2 {[%clk 0:01:32]} Bf5 {[%clk 0:00:14]} 17. Qf4
{[%clk 0:01:29]} Bd3 {[%clk 0:00:15]} 18. Qxf6 {[%clk 0:01:08]} Bxf6
{[%clk 0:00:16]} 19. Rfe1 {[%clk 0:01:09]} Bxe2 {[%clk 0:00:14]} 20. Rxe2
{[%clk 0:01:10]} Bxc3 {[%clk 0:00:07]} 21. Rc1 {[%clk 0:01:11]} Bxd2
{[%clk 0:00:06]} 22. Rxd2 {[%clk 0:01:12]} Rc8 {[%clk 0:00:06]} 23. d6
{[%clk 0:00:57]} exd6 {[%clk 0:00:07]} 24. Rxd6 {[%clk 0:00:51]} O-O
{[%clk 0:00:04]} 25. Rd5 {[%clk 0:00:52]} Nb7 {[%clk 0:00:03]} 26. Rg5+
{[%clk 0:00:51]} Kh7 {[%clk 0:00:03]} 27. Rxh5+ Kg6 28. Rg5+ {[%clk 0:00:53]} Kf6
{[%clk 0:00:06]} 29. Rxg4 {[%clk 0:00:51]} Rfd8 {[%clk 0:00:08]} 30. Rc2
{[%clk 0:00:36]} a5 {[%clk 0:00:08]} 31. h5 {[%clk 0:00:37]} Rd1+
{[%clk 0:00:08]} 32. Kh2 {[%clk 0:00:37]} Rh8 {[%clk 0:00:08]} 33. Rh4
{[%clk 0:00:31]} Rd5 {[%clk 0:00:08]} 34. h6 {[%clk 0:00:30]} Kg6
{[%clk 0:00:05]} 35. Bf4 {[%clk 0:00:27]} f5 {[%clk 0:00:05]} 36. Rh3
{[%clk 0:00:26]} Nd8 {[%clk 0:00:05]} 37. Rg3+ {[%clk 0:00:26]} Kf6
{[%clk 0:00:04]} 38. Bg5+ Kf7 39. Bxd8 {[%clk 0:00:16]} Rdxd8 {[%clk 0:00:05]}
40. Rxc5 {[%clk 0:00:16]} Rxh6+ {[%clk 0:00:07]} 41. Rh3 {[%clk 0:00:17]} Rxh3+
{[%clk 0:00:07]} 42. Kxh3 {[%clk 0:00:18]} Kf6 {[%clk 0:00:04]} 43. Rxb5
{[%clk 0:00:18]} Rd2 {[%clk 0:00:06]} 44. a4 {[%clk 0:00:15]} Rxf2
{[%clk 0:00:06]} 45. Rxa5 {[%clk 0:00:13]} Re2 {[%clk 0:00:07]} 46. Rb5
{[%clk 0:00:13]} Rxe3+ {[%clk 0:00:08]} 47. Kh2 {[%clk 0:00:15]} Kg5
{[%clk 0:00:08]} 48. a5 {[%clk 0:00:15]} Kg4 {[%clk 0:00:08]} 49. a6
{[%clk 0:00:15]} Re2 {[%clk 0:00:08]} 50. a7 {[%clk 0:00:13]} Ra2
{[%clk 0:00:08]} 51. Rb4+ {[%clk 0:00:14]} 1-0

[Event "Blitz 2018"]
[Site "Saint-Petersburg"]
[Date "2018.12.29"]
[Round "6"]
[Board "71"]
[White "Maslak Konstantin (RUS)"]
[Black "Apryshko Gleb (RUS)"]
[Result "1-0"]
[LiveChessVersion "1.4.8"]
[BlackElo "2416"]
[WhiteElo "2537"]

1. e4 {[%clk 0:03:02]} g6 {[%clk 0:03:00]} 2. d4 {[%clk 0:03:03]} Bg7
{[%clk 0:03:01]} 3. Nc3 {[%clk 0:03:04]} d6 {[%clk 0:03:02]} 4. f4
{[%clk 0:03:05]} a6 {[%clk 0:03:00]} 5. Nf3 {[%clk 0:03:01]} b5 {[%clk 0:03:01]}
6. Bd3 {[%clk 0:02:57]} Nd7 {[%clk 0:02:47]} 7. e5 {[%clk 0:02:54]} Bb7
{[%clk 0:02:16]} 8. Ne4 {[%clk 0:02:49]} Nh6 {[%clk 0:01:44]} 9. Qe2
{[%clk 0:02:43]} Nb6 {[%clk 0:01:30]} 10. c3 {[%clk 0:02:34]} e6 {[%clk 0:01:17]}
11. O-O {[%clk 0:02:24]} Qd7 {[%clk 0:00:38]} 12. Bd2 {[%clk 0:02:18]} Nf5
{[%clk 0:00:25]} 13. g4 {[%clk 0:01:43]} Ne7 {[%clk 0:00:27]} 14. Be1
{[%clk 0:01:36]} O-O-O {[%clk 0:00:13]} 15. Bg3 {[%clk 0:01:27]} Ned5
{[%clk 0:00:09]} 16. b3 {[%clk 0:01:20]} Rhe8 {[%clk 0:00:08]} 17. Rfc1
{[%clk 0:01:17]} Kb8 {[%clk 0:00:09]} 18. a3 {[%clk 0:01:00]} f5 {[%clk 0:00:05]}
19. gxf5 {[%clk 0:00:26]} exf5 {[%clk 0:00:05]} 20. Ned2 {[%clk 0:00:20]} Nf6
{[%clk 0:00:07]} 21. a4 {[%clk 0:00:18]} c6 {[%clk 0:00:03]} 22. axb5
{[%clk 0:00:18]} cxb5 {[%clk 0:00:04]} 23. c4 {[%clk 0:00:17]} dxe5
{[%clk 0:00:05]} 24. fxe5 {[%clk 0:00:14]} Nh5 {[%clk 0:00:07]} 25. Qf2
{[%clk 0:00:11]} Nxg3 {[%clk 0:00:06]} 26. Qxg3 {[%clk 0:00:12]} b4
{[%clk 0:00:05]} 27. c5 {[%clk 0:00:12]} Nd5 {[%clk 0:00:06]} 28. Nc4
{[%clk 0:00:13]} f4 {[%clk 0:00:06]} 29. Qf2 {[%clk 0:00:13]} Nc3
{[%clk 0:00:06]} 30. Nd6 {[%clk 0:00:13]} Qc6 {[%clk 0:00:07]} 31. Rf1
{[%clk 0:00:10]} Rf8 {[%clk 0:00:07]} 32. Nxb7 {[%clk 0:00:10]} Qxb7
{[%clk 0:00:06]} 33. Bxa6 {[%clk 0:00:11]} Qe4 {[%clk 0:00:05]} 34. Rfe1
{[%clk 0:00:10]} Qc6 {[%clk 0:00:05]} 35. Bf1 {[%clk 0:00:10]} g5
{[%clk 0:00:05]} 36. Ra6 {[%clk 0:00:09]} Qc7 {[%clk 0:00:04]} 37. Rb6+ Kc8 38.
Ba6+ {[%clk 0:00:11]} Kd7 {[%clk 0:00:06]} 39. Rb7 {[%clk 0:00:12]} 1-0

[Event "Blitz 2018"]
[Site "Saint-Petersburg"]
[Date "2018.12.29"]
[Round "6"]
[Board "72"]
[White "Tukhaev Adam (UKR)"]
[Black "Teterev Vitaly (BLR)"]
[Result "1-0"]
[LiveChessVersion "1.4.8"]
[BlackElo "2397"]
[WhiteElo "2529"]

1. e4 {[%clk 0:03:02]} c5 {[%clk 0:03:04]} 2. Nf3 {[%clk 0:03:03]} d6
{[%clk 0:03:05]} 3. d4 {[%clk 0:03:04]} cxd4 {[%clk 0:03:06]} 4. Nxd4
{[%clk 0:03:05]} Nf6 {[%clk 0:03:08]} 5. Nc3 {[%clk 0:03:05]} a6 {[%clk 0:03:09]}
6. h3 {[%clk 0:03:06]} g6 {[%clk 0:03:10]} 7. g4 {[%clk 0:03:07]} Bg7
{[%clk 0:03:11]} 8. Bg2 {[%clk 0:03:08]} O-O {[%clk 0:03:11]} 9. O-O
{[%clk 0:03:07]} Nc6 {[%clk 0:02:59]} 10. Nde2 {[%clk 0:03:08]} Bd7
{[%clk 0:02:51]} 11. Ng3 {[%clk 0:03:03]} Rc8 {[%clk 0:02:44]} 12. Nd5
{[%clk 0:02:48]} Ne5 {[%clk 0:02:36]} 13. c3 {[%clk 0:02:34]} Bb5
{[%clk 0:02:35]} 14. Re1 {[%clk 0:02:30]} Nd3 {[%clk 0:02:34]} 15. Re3
{[%clk 0:01:54]} Nxc1 {[%clk 0:02:34]} 16. Rxc1 {[%clk 0:01:49]} Bh6
{[%clk 0:02:34]} 17. Nxf6+ {[%clk 0:01:42]} exf6 {[%clk 0:02:35]} 18. Qe1
{[%clk 0:01:33]} Qb6 {[%clk 0:02:29]} 19. Rf3 {[%clk 0:01:33]} Bxc1
{[%clk 0:02:16]} 20. Qxc1 {[%clk 0:01:34]} Kg7 {[%clk 0:02:12]} 21. h4
{[%clk 0:01:11]} Bd7 {[%clk 0:02:04]} 22. h5 {[%clk 0:01:05]} Qd8
{[%clk 0:01:20]} 23. h6+ {[%clk 0:01:05]} Kg8 {[%clk 0:01:22]} 24. Qf4
{[%clk 0:01:04]} Qe7 {[%clk 0:01:20]} 25. Nf1 {[%clk 0:01:00]} Qe5
{[%clk 0:01:21]} 26. Ne3 {[%clk 0:00:44]} Qxf4 {[%clk 0:01:20]} 27. Rxf4
{[%clk 0:00:45]} Be6 {[%clk 0:01:20]} 28. Rxf6 {[%clk 0:00:42]} Rc5
{[%clk 0:01:18]} 29. f4 {[%clk 0:00:40]} Rd8 {[%clk 0:00:57]} 30. a3
{[%clk 0:00:41]} Kf8 {[%clk 0:00:52]} 31. g5 {[%clk 0:00:42]} Ke7
{[%clk 0:00:51]} 32. Kf2 {[%clk 0:00:37]} a5 {[%clk 0:00:47]} 33. Kg3
{[%clk 0:00:37]} b5 {[%clk 0:00:47]} 34. f5 {[%clk 0:00:37]} Bb3 {[%clk 0:00:46]}
35. Kf4 {[%clk 0:00:37]} Rb8 {[%clk 0:00:44]} 36. Bf1 {[%clk 0:00:34]} b4
{[%clk 0:00:43]} 37. axb4 axb4 38. c4 {[%clk 0:00:36]} Ra8 {[%clk 0:00:33]} 39.
Nd5+ {[%clk 0:00:37]} Rxd5 {[%clk 0:00:32]} 40. cxd5 {[%clk 0:00:31]} Ra1
{[%clk 0:00:31]} 41. Bb5 {[%clk 0:00:29]} Re1 {[%clk 0:00:27]} 42. fxg6
{[%clk 0:00:29]} fxg6 {[%clk 0:00:28]} 43. Re6+ {[%clk 0:00:30]} Kf7
{[%clk 0:00:26]} 44. Rxd6 {[%clk 0:00:31]} Rb1 {[%clk 0:00:24]} 45. Rd7+
{[%clk 0:00:33]} Kg8 {[%clk 0:00:23]} 46. Rg7+ {[%clk 0:00:34]} Kf8
{[%clk 0:00:25]} 47. Rxh7 {[%clk 0:00:34]} Rxb2 {[%clk 0:00:26]} 48. Rb7
{[%clk 0:00:34]} Rf2+ {[%clk 0:00:13]} 49. Ke5 {[%clk 0:00:31]} Bc2
{[%clk 0:00:12]} 50. Rb8+ {[%clk 0:00:31]} 1-0

[Event "Blitz 2018"]
[Site "Saint-Petersburg"]
[Date "2018.12.29"]
[Round "6"]
[Board "73"]
[White "Miton Kamil (POL)"]
[Black "Yakubboev Nodirbek (UZB)"]
[Result "0-1"]
[LiveChessVersion "1.4.8"]
[BlackElo "2388"]
[WhiteElo "2520"]

1. d4 {[%clk 0:03:02]} f5 {[%clk 0:03:00]} 2. Nf3 {[%clk 0:03:01]} Nf6
{[%clk 0:03:02]} 3. c4 {[%clk 0:03:01]} g6 {[%clk 0:03:01]} 4. Nc3
{[%clk 0:03:01]} Bg7 {[%clk 0:03:02]} 5. h3 {[%clk 0:03:01]} d6 {[%clk 0:02:58]}
6. Bf4 {[%clk 0:03:01]} O-O {[%clk 0:02:53]} 7. e3 {[%clk 0:03:02]} c6
{[%clk 0:02:44]} 8. Be2 {[%clk 0:03:01]} Qe8 {[%clk 0:02:33]} 9. Bh2
{[%clk 0:02:57]} Nbd7 {[%clk 0:02:19]} 10. O-O {[%clk 0:02:53]} e5
{[%clk 0:02:15]} 11. b4 {[%clk 0:02:47]} h6 {[%clk 0:01:41]} 12. b5
{[%clk 0:02:22]} c5 {[%clk 0:01:17]} 13. dxc5 {[%clk 0:02:09]} dxc5
{[%clk 0:01:13]} 14. Nd5 {[%clk 0:02:06]} Nxd5 {[%clk 0:01:00]} 15. Qxd5+
{[%clk 0:01:57]} Qf7 {[%clk 0:00:41]} 16. Rad1 {[%clk 0:01:46]} e4
{[%clk 0:00:39]} 17. Ne5 {[%clk 0:01:06]} Nxe5 {[%clk 0:00:29]} 18. Bxe5
{[%clk 0:01:06]} Qxd5 {[%clk 0:00:14]} 19. Rxd5 {[%clk 0:01:06]} b6
{[%clk 0:00:14]} 20. Bxg7 {[%clk 0:00:49]} Kxg7 {[%clk 0:00:15]} 21. Rd6
{[%clk 0:00:48]} Re8 {[%clk 0:00:13]} 22. Rfd1 {[%clk 0:00:48]} Be6
{[%clk 0:00:13]} 23. g4 {[%clk 0:00:39]} Kf6 {[%clk 0:00:11]} 24. Kg2
{[%clk 0:00:40]} Ke7 {[%clk 0:00:10]} 25. Kg3 {[%clk 0:00:35]} fxg4
{[%clk 0:00:10]} 26. Bxg4 {[%clk 0:00:31]} Bxc4 {[%clk 0:00:08]} 27. Rxg6
{[%clk 0:00:20]} Bd3 {[%clk 0:00:09]} 28. f3 {[%clk 0:00:14]} c4 {[%clk 0:00:06]}
29. fxe4 {[%clk 0:00:16]} Rad8 {[%clk 0:00:05]} 30. Re6+ {[%clk 0:00:13]} Kf8
{[%clk 0:00:06]} 31. Rxe8+ {[%clk 0:00:08]} Rxe8 {[%clk 0:00:07]} 32. Bf5
{[%clk 0:00:05]} Bxe4 {[%clk 0:00:05]} 33. Bxe4 {[%clk 0:00:06]} Rxe4 34. Kf3 Re5
{[%clk 0:00:08]} 35. a4 {[%clk 0:00:08]} Rc5 {[%clk 0:00:08]} 36. Ke4
{[%clk 0:00:06]} Ke7 {[%clk 0:00:09]} 37. Kd4 {[%clk 0:00:07]} Ke6
{[%clk 0:00:08]} 38. Rc1 {[%clk 0:00:07]} Rd5+ {[%clk 0:00:09]} 39. Ke4
{[%clk 0:00:08]} Re5+ {[%clk 0:00:09]} 40. Kd4 {[%clk 0:00:09]} Rd5+
{[%clk 0:00:10]} 41. Ke4 {[%clk 0:00:09]} Rc5 {[%clk 0:00:10]} 42. Kd4
{[%clk 0:00:10]} Rd5+ {[%clk 0:00:09]} 43. Ke4 {[%clk 0:00:10]} Re5+
{[%clk 0:00:06]} 44. Kd4 {[%clk 0:00:11]} Rd5+ {[%clk 0:00:06]} 45. Ke4
{[%clk 0:00:11]} Re5+ {[%clk 0:00:03]} 46. Kd4 {[%clk 0:00:11]} Rd5+ 0-1

[Event "Blitz 2018"]
[Site "Saint-Petersburg"]
[Date "2018.12.29"]
[Round "6"]
[Board "74"]
[White "Tissir Mohamed (MAR)"]
[Black "Belozerov Andrei (RUS)"]
[Result "0-1"]
[LiveChessVersion "1.4.8"]
[BlackElo "2518"]
[WhiteElo "2381"]

1. e4 {[%clk 0:03:03]} c6 {[%clk 0:03:03]} 2. d4 {[%clk 0:03:03]} d5
{[%clk 0:03:05]} 3. Nc3 {[%clk 0:03:04]} dxe4 4. Nxe4 {[%clk 0:03:04]} Bf5
{[%clk 0:03:07]} 5. Ng3 {[%clk 0:03:04]} Bg6 {[%clk 0:03:08]} 6. Nh3
{[%clk 0:03:04]} e6 {[%clk 0:02:59]} 7. Nf4 {[%clk 0:03:01]} Qc7 {[%clk 0:02:55]}
8. c3 {[%clk 0:03:00]} Nf6 {[%clk 0:02:47]} 9. h4 {[%clk 0:02:43]} Bd6
{[%clk 0:02:48]} 10. Qf3 {[%clk 0:02:43]} Nbd7 {[%clk 0:02:44]} 11. h5
{[%clk 0:02:41]} Bc2 {[%clk 0:02:44]} 12. h6 {[%clk 0:02:12]} g6 {[%clk 0:02:46]}
13. Nd3 {[%clk 0:02:13]} O-O 14. Bg5 Nd5 {[%clk 0:01:27]} 15. Ne4
{[%clk 0:01:52]} e5 {[%clk 0:01:17]} 16. Rc1 {[%clk 0:01:33]} Bxd3
{[%clk 0:01:12]} 17. Bxd3 {[%clk 0:01:34]} f5 {[%clk 0:01:02]} 18. Nxd6
{[%clk 0:01:29]} Qxd6 {[%clk 0:01:03]} 19. Bc4 {[%clk 0:01:27]} e4
{[%clk 0:00:58]} 20. Qh3 {[%clk 0:01:10]} f4 {[%clk 0:00:53]} 21. Bb3
{[%clk 0:00:58]} b5 {[%clk 0:00:50]} 22. O-O {[%clk 0:00:53]} Rf5
{[%clk 0:00:51]} 23. Qh4 {[%clk 0:00:48]} Kh8 {[%clk 0:00:47]} 24. c4
{[%clk 0:00:50]} bxc4 {[%clk 0:00:45]} 25. Rxc4 {[%clk 0:00:51]} e3
{[%clk 0:00:34]} 26. Rc2 {[%clk 0:00:23]} Raf8 {[%clk 0:00:29]} 27. f3
{[%clk 0:00:16]} Re8 {[%clk 0:00:28]} 28. Rfc1 {[%clk 0:00:17]} Nb8
{[%clk 0:00:22]} 29. a3 Re6 {[%clk 0:00:20]} 30. Rc5 {[%clk 0:00:13]} Re8
{[%clk 0:00:16]} 31. Bxd5 {[%clk 0:00:13]} cxd5 {[%clk 0:00:16]} 32. Rc7
{[%clk 0:00:12]} e2 {[%clk 0:00:16]} 33. Bxf4 {[%clk 0:00:05]} Rxf4
{[%clk 0:00:15]} 34. Qe1 {[%clk 0:00:00]} Rxd4 {[%clk 0:00:15]} 35. Qc3
{[%clk 0:00:00]} Qe5 {[%clk 0:00:15]} 36. Rxh7+ {[%clk 0:00:00]} Kxh7
{[%clk 0:00:15]} 37. Qc7+ 0-1

[Event "Blitz 2018"]
[Site "Saint-Petersburg"]
[Date "2018.12.29"]
[Round "6"]
[Board "75"]
[White "Yilmaz Mustafa (TUR)"]
[Black "Fakhrutdinov Timur (RUS)"]
[Result "1-0"]
[LiveChessVersion "1.4.8"]
[BlackElo "2357"]
[WhiteElo "2515"]

1. d4 {[%clk 0:03:03]} Nf6 {[%clk 0:03:03]} 2. c4 {[%clk 0:03:04]} e6
{[%clk 0:03:04]} 3. Nf3 {[%clk 0:03:05]} d5 {[%clk 0:03:05]} 4. Nc3
{[%clk 0:03:05]} dxc4 {[%clk 0:03:06]} 5. e4 {[%clk 0:03:06]} Bb4
{[%clk 0:03:07]} 6. Bxc4 {[%clk 0:03:07]} Nxe4 {[%clk 0:03:06]} 7. O-O
{[%clk 0:03:07]} Nxc3 8. bxc3 {[%clk 0:03:08]} Bd6 {[%clk 0:03:07]} 9. Qe2
{[%clk 0:02:59]} O-O {[%clk 0:03:00]} 10. Rd1 {[%clk 0:03:00]} Nd7
{[%clk 0:02:39]} 11. Rd3 {[%clk 0:02:48]} Qe7 {[%clk 0:02:02]} 12. Bg5
{[%clk 0:02:43]} f6 {[%clk 0:01:40]} 13. Bd2 {[%clk 0:01:47]} Nb6
{[%clk 0:01:40]} 14. Bb3 {[%clk 0:01:49]} c5 {[%clk 0:01:21]} 15. dxc5
{[%clk 0:01:41]} Bxc5 {[%clk 0:01:22]} 16. Re1 {[%clk 0:01:41]} Kh8
{[%clk 0:01:20]} 17. Nh4 {[%clk 0:01:41]} e5 {[%clk 0:00:33]} 18. Qe4
{[%clk 0:01:42]} Be6 {[%clk 0:00:20]} 19. Rh3 {[%clk 0:01:31]} Kg8
{[%clk 0:00:06]} 20. Nf5 {[%clk 0:00:30]} Qd7 {[%clk 0:00:07]} 21. Nxg7
{[%clk 0:00:27]} Bxb3 {[%clk 0:00:06]} 22. Qxh7+ {[%clk 0:00:25]} Kf7
{[%clk 0:00:07]} 23. Qh5+ {[%clk 0:00:20]} Ke7 {[%clk 0:00:08]} 24. Nf5+
{[%clk 0:00:21]} Kd8 {[%clk 0:00:06]} 25. axb3 {[%clk 0:00:22]} Qxd2
{[%clk 0:00:06]} 26. Rd1 {[%clk 0:00:22]} Bxf2+ {[%clk 0:00:05]} 27. Kf1
{[%clk 0:00:23]} 1-0

[Event "Blitz 2018"]
[Site "Saint-Petersburg"]
[Date "2018.12.29"]
[Round "6"]
[Board "76"]
[White "Pershin Denis (RUS)"]
[Black "Seliverstov Vladimir (RUS)"]
[Result "0-1"]
[LiveChessVersion "1.4.8"]
[BlackElo "2512"]
[WhiteElo "2354"]

1. d4 {[%clk 0:03:03]} g6 {[%clk 0:03:03]} 2. e4 {[%clk 0:03:04]} Bg7
{[%clk 0:03:04]} 3. Nc3 {[%clk 0:03:05]} d6 {[%clk 0:03:06]} 4. f4
{[%clk 0:03:05]} a6 {[%clk 0:03:07]} 5. a4 {[%clk 0:03:04]} b6 {[%clk 0:03:07]}
6. Nf3 {[%clk 0:03:05]} Bb7 {[%clk 0:03:09]} 7. Bd3 {[%clk 0:02:55]} Nd7
{[%clk 0:03:09]} 8. Be3 {[%clk 0:02:53]} Ngf6 {[%clk 0:03:02]} 9. h3
{[%clk 0:02:54]} c5 {[%clk 0:02:59]} 10. d5 {[%clk 0:02:41]} O-O {[%clk 0:02:54]}
11. Bc4 {[%clk 0:02:41]} b5 {[%clk 0:02:26]} 12. axb5 {[%clk 0:02:38]} Nb6
{[%clk 0:02:27]} 13. Be2 {[%clk 0:02:22]} axb5 {[%clk 0:02:26]} 14. Bxb5
{[%clk 0:02:22]} Nh5 {[%clk 0:01:54]} 15. Kf2 {[%clk 0:01:44]} Rxa1
{[%clk 0:01:31]} 16. Qxa1 {[%clk 0:01:45]} e6 {[%clk 0:01:33]} 17. Qa7
{[%clk 0:01:37]} Qc7 {[%clk 0:01:34]} 18. Bc6 {[%clk 0:01:37]} Rb8
{[%clk 0:01:29]} 19. Nb5 {[%clk 0:01:38]} Nc8 {[%clk 0:01:24]} 20. Qa3
{[%clk 0:00:35]} Qb6 {[%clk 0:01:10]} 21. Bxb7 {[%clk 0:00:35]} Qxb5
{[%clk 0:00:59]} 22. Bxc8 {[%clk 0:00:36]} Rxc8 {[%clk 0:00:58]} 23. dxe6
{[%clk 0:00:35]} fxe6 {[%clk 0:00:59]} 24. b3 {[%clk 0:00:30]} Rf8
{[%clk 0:00:52]} 25. Rd1 {[%clk 0:00:22]} Nf6 {[%clk 0:00:43]} 26. Nd2
{[%clk 0:00:20]} Qb7 {[%clk 0:00:38]} 27. Qa4 {[%clk 0:00:21]} g5
{[%clk 0:00:34]} 28. Kg1 {[%clk 0:00:21]} g4 {[%clk 0:00:34]} 29. e5
{[%clk 0:00:20]} Nd5 {[%clk 0:00:35]} 30. Qe4 {[%clk 0:00:19]} dxe5
{[%clk 0:00:32]} 31. fxe5 {[%clk 0:00:11]} gxh3 {[%clk 0:00:32]} 32. gxh3
{[%clk 0:00:13]} Rf5 {[%clk 0:00:27]} 33. c4 {[%clk 0:00:12]} Rxe5
{[%clk 0:00:28]} 34. Qg2 {[%clk 0:00:10]} Rxe3 {[%clk 0:00:28]} 35. Nf1
{[%clk 0:00:10]} Re5 {[%clk 0:00:24]} 36. cxd5 {[%clk 0:00:11]} exd5
{[%clk 0:00:26]} 37. Qg3 {[%clk 0:00:05]} Qe7 {[%clk 0:00:24]} 38. Kh1
{[%clk 0:00:06]} Re2 {[%clk 0:00:24]} 39. Qf3 {[%clk 0:00:04]} d4
{[%clk 0:00:21]} 40. Ng3 {[%clk 0:00:06]} Re3 {[%clk 0:00:20]} 41. Qd5+
{[%clk 0:00:07]} Qe6 {[%clk 0:00:14]} 42. Qxe6+ {[%clk 0:00:06]} Rxe6
{[%clk 0:00:15]} 43. Rc1 {[%clk 0:00:08]} Bf8 {[%clk 0:00:14]} 44. Kg2
{[%clk 0:00:08]} Re3 {[%clk 0:00:15]} 45. Rb1 {[%clk 0:00:08]} Kf7
{[%clk 0:00:16]} 46. Nf5 {[%clk 0:00:09]} Rc3 {[%clk 0:00:16]} 47. Ng3
{[%clk 0:00:08]} Ke6 {[%clk 0:00:15]} 48. Re1+ {[%clk 0:00:05]} Kd5
{[%clk 0:00:15]} 49. Rb1 {[%clk 0:00:06]} Bd6 {[%clk 0:00:13]} 50. Ne2
{[%clk 0:00:06]} Re3 {[%clk 0:00:13]} 51. Ng1 {[%clk 0:00:06]} Ke4
{[%clk 0:00:12]} 52. Rb2 {[%clk 0:00:04]} d3 {[%clk 0:00:11]} 53. Kf1
{[%clk 0:00:04]} Bg3 {[%clk 0:00:11]} 54. Ra2 {[%clk 0:00:04]} Be5
{[%clk 0:00:09]} 55. Kf2 {[%clk 0:00:03]} Bd4 {[%clk 0:00:10]} 56. Kf1
{[%clk 0:00:05]} Rg3 {[%clk 0:00:08]} 57. Rg2 {[%clk 0:00:05]} Rxg2
{[%clk 0:00:09]} 58. Kxg2 {[%clk 0:00:06]} d2 {[%clk 0:00:10]} 59. Nf3
{[%clk 0:00:04]} d1=Q {[%clk 0:00:10]} 0-1

[Event "Blitz 2018"]
[Site "Saint-Petersburg"]
[Date "2018.12.29"]
[Round "6"]
[Board "77"]
[White "Makoveev Ilya (RUS)"]
[Black "Anikonov Dmitry (RUS)"]
[Result "1-0"]
[LiveChessVersion "1.4.8"]
[BlackElo "2511"]
[WhiteElo "2243"]

1. e4 {[%clk 0:03:02]} d6 {[%clk 0:03:04]} 2. d4 {[%clk 0:03:02]} Nf6
{[%clk 0:03:05]} 3. Nc3 {[%clk 0:03:03]} e5 {[%clk 0:03:06]} 4. Nf3
{[%clk 0:02:59]} exd4 5. Nxd4 {[%clk 0:02:59]} Be7 {[%clk 0:03:07]} 6. Be2
{[%clk 0:02:53]} O-O {[%clk 0:03:08]} 7. O-O {[%clk 0:02:53]} Re8
{[%clk 0:03:09]} 8. Re1 {[%clk 0:02:26]} Nbd7 {[%clk 0:03:09]} 9. Be3
{[%clk 0:02:20]} Bf8 {[%clk 0:03:07]} 10. Bf3 {[%clk 0:01:44]} Ne5
{[%clk 0:03:08]} 11. Bg5 {[%clk 0:01:31]} h6 {[%clk 0:02:59]} 12. Bh4
{[%clk 0:01:32]} Ng6 {[%clk 0:03:00]} 13. Bg3 {[%clk 0:01:32]} Bd7
{[%clk 0:02:56]} 14. Qd2 {[%clk 0:01:21]} c6 {[%clk 0:02:57]} 15. Rad1
{[%clk 0:01:20]} Qc7 {[%clk 0:02:58]} 16. h3 {[%clk 0:01:12]} Rad8
{[%clk 0:02:59]} 17. a3 {[%clk 0:00:58]} Bc8 {[%clk 0:02:54]} 18. Kh2
{[%clk 0:00:51]} b5 {[%clk 0:02:50]} 19. Qe2 {[%clk 0:00:39]} a5 {[%clk 0:02:37]}
20. b4 {[%clk 0:00:21]} axb4 {[%clk 0:02:37]} 21. axb4 {[%clk 0:00:22]} Ne5
{[%clk 0:02:38]} 22. Nb3 {[%clk 0:00:15]} Be6 {[%clk 0:02:32]} 23. Qe3
{[%clk 0:00:08]} Nxf3+ {[%clk 0:02:10]} 24. Qxf3 {[%clk 0:00:09]} Bxb3
{[%clk 0:01:58]} 25. cxb3 {[%clk 0:00:11]} Nd7 {[%clk 0:01:59]} 26. Qe3
{[%clk 0:00:07]} Qb7 {[%clk 0:01:47]} 27. Bxd6 {[%clk 0:00:03]} Bxd6+
{[%clk 0:01:47]} 28. Rxd6 {[%clk 0:00:05]} Qc7 {[%clk 0:01:41]} 29. Qg3
{[%clk 0:00:06]} Ne5 {[%clk 0:01:30]} 30. Rxd8 Rxd8 {[%clk 0:01:32]} 31. Rd1
{[%clk 0:00:06]} Re8 {[%clk 0:01:31]} 32. f4 {[%clk 0:00:03]} Ng6
{[%clk 0:01:33]} 33. e5 {[%clk 0:00:05]} Qe7 {[%clk 0:01:24]} 34. Ne4
{[%clk 0:00:03]} Qxb4 {[%clk 0:00:48]} 35. Nd6 {[%clk 0:00:04]} Re7
{[%clk 0:00:50]} 36. f5 {[%clk 0:00:04]} Nxe5 37. f6 Ng4+ {[%clk 0:00:09]} 38.
Qxg4 {[%clk 0:00:06]} Qxg4 {[%clk 0:00:09]} 39. hxg4 {[%clk 0:00:07]} gxf6
{[%clk 0:00:10]} 40. Nf5 {[%clk 0:00:08]} Re4 {[%clk 0:00:10]} 41. Kg3
{[%clk 0:00:07]} Rb4 {[%clk 0:00:12]} 42. Rd3 {[%clk 0:00:07]} c5
{[%clk 0:00:13]} 43. Ne7+ {[%clk 0:00:04]} Kg7 {[%clk 0:00:11]} 44. Nd5
{[%clk 0:00:03]} Re4 {[%clk 0:00:11]} 45. Nc3 {[%clk 0:00:04]} Rb4
{[%clk 0:00:12]} 46. Nd5 {[%clk 0:00:05]} Re4 {[%clk 0:00:13]} 47. Kf3
{[%clk 0:00:06]} Re1 {[%clk 0:00:11]} 48. Nc3 {[%clk 0:00:06]} b4
{[%clk 0:00:10]} 49. Ne4 {[%clk 0:00:04]} Rc1 {[%clk 0:00:10]} 50. Rd2
{[%clk 0:00:03]} Kg6 {[%clk 0:00:07]} 51. Ke3 {[%clk 0:00:04]} f5
{[%clk 0:00:08]} 52. Rd6+ {[%clk 0:00:05]} Kg7 {[%clk 0:00:08]} 53. gxf5
{[%clk 0:00:06]} Rb1 {[%clk 0:00:09]} 54. Nxc5 {[%clk 0:00:06]} Rc1
{[%clk 0:00:10]} 55. Ne4 {[%clk 0:00:06]} Rb1 {[%clk 0:00:11]} 56. Rd3
{[%clk 0:00:07]} h5 {[%clk 0:00:11]} 57. Nd2 {[%clk 0:00:05]} Re1+
{[%clk 0:00:12]} 58. Kf2 {[%clk 0:00:05]} Re5 {[%clk 0:00:13]} 59. Rf3
{[%clk 0:00:05]} Rc5 {[%clk 0:00:14]} 60. Rf4 {[%clk 0:00:05]} Rc2
{[%clk 0:00:15]} 61. Ke2 {[%clk 0:00:06]} Kf6 {[%clk 0:00:16]} 62. Rxb4
{[%clk 0:00:04]} Kxf5 {[%clk 0:00:17]} 63. Rc4 {[%clk 0:00:05]} Rb2
{[%clk 0:00:18]} 64. Ke3 {[%clk 0:00:05]} Ra2 {[%clk 0:00:17]} 65. b4
{[%clk 0:00:04]} Ra6 {[%clk 0:00:12]} 66. b5 {[%clk 0:00:04]} Rb6
{[%clk 0:00:13]} 67. Rc5+ {[%clk 0:00:06]} Rb7 {[%clk 0:00:10]} 1-0